MARC

LEADER 00000nas a2200000 4500
001 ssj0013426
003 WaSeSS
005 20200512172242.0
006 m d
007 cr n
008 790216c19uu9999vaumr p s 0 a0eng
010 |a  79640277  
016 7 |a 976925540  |2 DE-101 
016 7 |a 2208555-5  |2 DE-600 
016 7 |a 012407510  |2 Uk 
022 |l 0190-3063  |y 0190-3063 
024 8 |a pq67958 
032 |a 078650  |b USPS 
035 |a (WaSeSS)ssj0013426 
037 |b National Contract Management Association, 1912 Woodford Rd., Vienna, VA 22180 
040 |a DLC  |b eng  |c DLC  |d NSD  |d DLC  |d AIP  |d NSD  |d DLC  |d NSD  |d GUA  |d OCLCQ  |d DLC  |d OCLCQ  |d HLS  |d UQ1  |d OCLCQ  |d DEBBG  |d GWDNB  |d UKMGB  |d OCLCO  |d OCLCF  |d OCLCA  |d OCLCO  |d RDF  |d OCLCQ  |d WaSeSS 
042 |a pcc  |a nsdp 
043 |a n-us--- 
050 0 0 |a KF842  |b .C66 
082 0 4 |a 353.007/11/05 
210 0 |a Contract manage. 
222 0 |a Contract management 
245 0 0 |a Contract management  |h [electronic resource]. 
260 |a [Vienna, Va., etc.]  |b National Contract Management Association. 
310 |a Monthly 
506 |a License restrictions may limit access. 
580 |a Absorbed: National contract management journal (Arlington, Va. : 1979) with v. 40, no. 4 (Apr. 2000). 
650 0 |a Public contracts  |z United States  |v Periodicals. 
650 7 |a Public contracts.  |2 fast  |0 (OCoLC)fst01082170 
650 7 |a Contrat international.  |2 rasuqam 
650 7 |a Gestion.  |2 rasuqam 
650 1 7 |a Marché public (Contrat)  |2 rasuqam 
651 7 |a United States.  |2 fast  |0 (OCoLC)fst01204155 
651 7 |a États-Unis.  |2 rasuqam 
655 0 |a Electronic journals. 
710 2 |a National Contract Management Association (U.S.) 
770 0 |t Journal of contract management  |w (DLC) 2006204200  |w (OCoLC)4659922 
780 0 0 |t Newsletter (National Contract Management Association (U.S.))  |w (OCoLC)16963088 
780 1 5 |t National contract management journal (Arlington, Va.: 1979)  |g Apr. 2000  |x 1045-1668  |w (DLC) 89658507  |w (OCoLC)5796198 
850 |a DLC 
856 4 0 |z Full text available from Research Library: 01/01/2005 to 06/01/2011  |u https://search.proquest.com/publication/51537